000 01557nam a22002417a 4500
001 6148
003 FISKH
005 20250320142159.0
008 250320b cb ||||| |||| 00| 0 eng d
020 _a9781107689732
040 _aFISKH
_beng
_cFISKH
_dFISKH
050 _aPZ7
082 _a428.24
100 _aBarker, Chris
245 _aCambridge Global English :
_bfor Cambridge Secondary 1 English as a Second Language : Coursebook 9 /
_cBy Chris Barker and Libby Mitchell
250 _aFirst published 2016
260 _aNew York :
_bCambridge University Press ;
_c2016.
300 _a152 pages :
_bcolor illustrations , with CD ;
_c28 cm .
520 _aCambridge Global English Stages 7-9 follow the Cambridge Lower Secondary English as a Second Language (ESL) Curriculum Framework. Coursebook 9 includes eighteen thematic units based on the Cambridge International Examinations Scheme of Work for Stage 9. Our Stage 9 Coursebook lays the foundation for learners who may go on to the Cambridge IGCSE ESL qualification. The topics and situations in Cambridge Global English reflect international diversity and encourage learning about different ways of life. It presents realistic listening, speaking, reading and writing tasks, and end-of-unit projects similar to those students might encounter in first-language English context. After every other unit, there is a literature spread featuring authentic prose and poetry from a variety of sources. CEFR Level: B1
700 _aMitchell, Libby
_eAuthor
942 _2ddc
_cBK
_n0
999 _c6148
_d6148